Intermediate accounting / (Record no. 5883)

MARC details
000 -LEADER
fixed length control field 00762cam a22002532 4500
001 - CONTROL NUMBER
control field 0000002496
005 - DATE AND TIME OF LATEST TRANSACTION
control field 20151217151855.0
008 - FIXED-LENGTH DATA ELEMENTS--GENERAL INFORMATION
fixed length control field 070412s xx 000 0 eng d
020 ## - INTERNATIONAL STANDARD BOOK NUMBER
International Standard Book Number 0256168644 (V. 1) :
020 ## - INTERNATIONAL STANDARD BOOK NUMBER
International Standard Book Number 0256168679 (V. 2)
040 ## - CATALOGING SOURCE
Original cataloging agency KABU
Transcribing agency KABU
050 #0 - LIBRARY OF CONGRESS CALL NUMBER
Classification number HF5635
Item number .D985 1998
100 1# - MAIN ENTRY--PERSONAL NAME
Personal name Dyckman, Thomas R.
-- 0000151861
245 10 - TITLE STATEMENT
Title Intermediate accounting /
Statement of responsibility, etc. Thomas R. Dyckman, Roland E. Dukes, Charles J. Davis.
250 ## - EDITION STATEMENT
Edition statement 4th ed.
260 ## - PUBLICATION, DISTRIBUTION, ETC. (IMPRINT)
Place of publication, distribution, etc. Boston :
Name of publisher, distributor, etc. Irwin,
Date of publication, distribution, etc. 1998.
300 ## - PHYSICAL DESCRIPTION
Extent 2 v.
650 #0 - SUBJECT ADDED ENTRY--TOPICAL TERM
Topical term or geographic name as entry element Accounting.
-- 0000148321
700 1# - ADDED ENTRY--PERSONAL NAME
Personal name Dukes, Roland E.
-- 0000151862
700 1# - ADDED ENTRY--PERSONAL NAME
Personal name Davis, Charles J.
-- 0000151866
908 ## - PUT COMMAND PARAMETER (RLIN)
Put command parameter 070412
950 ## - LOCAL HOLDINGS (RLIN)
-- 1
Holdings
Withdrawn status Lost status Source of classification or shelving scheme Not for loan Home library Current library Date acquired Total Checkouts Full call number Barcode Date last seen Price effective from Koha item type Total Renewals Date last checked out
    Library of Congress Classification   Kabarak, Main Campus Kabarak, Main Campus 17/12/2015   HF5635 .D985 1998 002615 02/08/2024 17/12/2015 General Collection    
    Library of Congress Classification   Kabarak, Main Campus Kabarak, Main Campus 17/12/2015 10 HF5635 .D985 1998 002614 02/08/2024 17/12/2015 General Collection 1 23/07/2022
Designed with assistance from East African Informatics Ltd